000 01188nam a2200301Ia 4500
001 Para_2852
003 CHAP
008 220125s1988 xx 000 0 und d
010 _a201367
040 _cCHAP
090 _aPA TESIS 478
100 _aSánchez Domínguez, Delfino
_9107476
245 _aRentabilidad de los cultivos de maíz (Zea mays L.) sorgo (Sorghum bicolor L. Moench) y cacahuate (Arachis hipogaea L.) en el suroeste del Estado de Morelos /
_c por Delfino Sánchez Dóminguez
260 _aChapingo, Méx. :
_b El autor
300 _a76 h.
500 _aTesis (Ing. Agr. Esp. en Parasitologìa Agrícola) -- UACh. Departamento de Parasitología Agrícola 99-88
650 _aCacahuate
_x Aspectos económicos
_x Morelos
_916854
650 _aMaíz
_x Aspectos económicos
_x Morelos
_970877
650 _aSorgo
_x Aspectos económicos
_9108629
700 _aI. UACh. Departamento de Parasitología Agrícola
_9166274
901 _aPA TESIS 478
902 _aM
905 _a0000001988 CHA 0000000000 00
910 _a1988
942 _cPARA
942 _cPARA
_d1
999 _c201367
_d201367